000 00714nam a2200217 a 4500
001 000037722
005 20201002031115.0
008 121115s2012 dr ac 000 0 spa d
020 _a9789945164909
040 _aDO-SdBNP
_bspa
_cBNPHU
082 _a305.42
_bF363c
100 1 _aFernández, H. R.
_964187
245 1 0 _aCultura sexual :
_bcontradicción entre orden y desorden. Una obra de película /
_cH.R. Fernández.
260 _aSanto Domingo :
_bBúho,
_c2012.
300 _a275 p. :
_bil., retrs. ;
_c23 cm.
590 _aInventariado,2018/MFF
650 4 _aSexo (psicología)
_9153
650 4 _aCostumbres sexuales
_9913
650 4 _aSexo e historia
_964188
910 _aValidado. Control de calidad EMS
999 _c37212
_d37212